000 00401nam a2200169Ia 4500
008 131103s9999 xx 000 0 und d
020 _a850520879
040 _aLoreto College
041 _aEnglish
082 _aREF
_bLCBED/9911
245 _aFlower arranging
260 _aLondon
_bOcopus
_c1979
300 _a224p.
_b ill., photos
_c 24cm.
650 _aREF
850 _aLCBED/REF
942 _cBK
999 _c34191
_d84670